UK Towns Quiz - Worcestershire - Extreme - Statistics

General Stats
  • This quiz has been taken 81 times
  • The average score is 12 of 47
Answer Stats
Clue Population Name of Town % Correct
W 105,455 Worcester
98%
R 81,637 Redditch
83%
K 57,553 Kidderminster
79%
E 28,252 Evesham
68%
B 34,760 Bromsgrove
64%
D 26,410 Droitwich Spa
60%
G 33,187 Great Malvern
58%
S 20,302 Stourport-on-Severn
49%
P 8,216 Pershore
45%
B 8,287 Bewdley
43%
U 2,403 Upton-upon-Severn
36%
T 3,938 Tenbury Wells
32%
A 3,408 Alvechurch
30%
B 2,716 Broadway
30%
C 10,169 Catshill
26%
H 7,009 Hagley
25%
H 6,940 Hollywood
21%
I 1,817 Inkberrow
21%
K 3,748 Kempsey
21%
B 2,727 Badsey
19%
B 3,818 Barnt Green
19%
D 1,813 Drakes Broughton
19%
H 3,102 Honeybourne
19%
B 2,069 Bredon
17%
F 3,297 Fernhill Heath
17%
W 2,001 Wychbold
17%
A 3,247 Astwood Bank
13%
B 1,447 Blakedown
13%
L 1,889 Lower Broadheath
13%
R 1,191 Rushwick
13%
W 2,080 Wythall
13%
S 2,224 Stoke Prior
11%
E 1,259 Eckington
9%
H 1,428 Hallow
9%
B 1,208 Blackwell
8%
C 1,971 Cookley
8%
N 1,591 Norton
8%
R 1,155 Romsley
8%
B 1,192 Bretforton
6%
C 1,137 Crowle
6%
H 1,716 Harvington
6%
O 1,509 Offenham
6%
W 1,310 Welland
6%
M 1,763 Malvern Wells
4%
W 1,526 Waresley
4%
C 1,543 Colletts Green
2%
W 1,210 Wolverley
2%
No matching quizzes found
Score Distribution
Percent of People with Each Score
Percentile by Number Answered
Your Score History
You have not taken this quiz